000
00248nam a22001097a 4500
082
_a
347.4
_b
STO
100
_a
Ston Richard
245
_a
Law of Agency/
_c
Richard Ston
300
_a
176,p;
_c
23,cm
650
_a
Law
_9
35302
942
_2
ddc
_c
BK
999
_c
612946
_d
612946